| 000 | 00875nam a22002415i 4500 | ||
|---|---|---|---|
| 001 | 177612 | ||
| 003 | ES-MaACL | ||
| 005 | 20250807081625.0 | ||
| 008 | 110406s1972 sp |||| | spa d | ||
| 080 | _a347.627.2 | ||
| 080 | _a348.6:347.62 | ||
| 100 | 1 |
_aNavarro Valls, Rafael. _9146023 |
|
| 245 | 1 | 0 |
_aDivorcio _b: orden público y matrimonio canónico : eficacia en España de las sentencias extranjeras de divorcio / _cpor Rafael Navarro Valls. |
| 260 |
_aMadrid : _bMontecorvo, _c1972. |
||
| 300 |
_a270 p. ; _c25 cm. |
||
| 490 | 1 |
_aMonografías. Colección de estudios jurídicos ; _v33 |
|
| 500 | _aÍndice. | ||
| 650 | 0 | 4 |
_aDivorcio. _9135936 |
| 650 | 7 |
_aMatrimonio (Derecho canónico) _2embne _914862 |
|
| 830 | 0 |
_aMonografías. Colección de estudios jurídicos ; _v33 _9190484 |
|
| 852 |
_aES-MaACL _jE-14816 _xOlim P-860-bis |
||
| 999 |
_c177612 _d177612 |
||